| 000 | 01337cam a2200265 4500 | ||
|---|---|---|---|
| 001 | ABS65708 | ||
| 008 | 020719n2002 000 0 eng u | ||
| 035 | _a(Sirsi) u118918 | ||
| 100 | _aGordon, D | ||
| 245 | 4 | _aThe crash and rebound of Canary Wharf | |
| 260 | _c2002 | ||
| 490 |
_aWharton Real Estate Review _v1(1) Spring 2002, 75-85(6) |
||
| 520 | _aCharts the progress of Canary Wharf, Britain's largest office project incorporating 13m sq ft of development on an 80-acre site. Looks at the different phases of development and the involvement of Olympia and York Developments, the London Docklands Development Corporation (LDDC). In particular discusses the recession, competition the City Corporation, transportation problems involving the Docklands Light Railway (DLR), the difficulty of attracting British tenants, the recovery of Canary Wharf post 1995, the creation of Canary Wharf PLC and its financial strucutre, and winners and losers of the development. | ||
| 590 | _aABS | ||
| 650 | _aCANARY WHARF | ||
| 650 | _aRECESSION | ||
| 650 | _aTENANTS | ||
| 650 | _aTRANSPORTATION | ||
| 650 | _aDOCKLANDS LIGHT RAILWAY | ||
| 650 | _aOLYMPIA AND YORK DEVELOPMENTS | ||
| 650 | _aOFFICE DEVELOPMENT | ||
| 650 | _aLONDON DOCKLANDS DEVELOPMENT CORPORATION | ||
| 690 | _aPROPERTY-PROPERTY DEVELOPMENT | ||
| 942 | _n0 | ||
| 999 |
_c70777 _d70777 |
||